System programming (Record no. 136356)

000 -LEADER
fixed length control field 00251nam a2200109Ia 4500
008 - FIXED-LENGTH DATA ELEMENTS--GENERAL INFORMATION
fixed length control field 220120s9999||||xx |||||||||||||| ||und||
082 ## - DEWEY DECIMAL CLASSIFICATION NUMBER
Classification number 003.78 DHA
100 ## - MAIN ENTRY--PERSONAL NAME
Personal name Dhamdhere
245 #0 - TITLE STATEMENT
Title System programming
260 ## - PUBLICATION, DISTRIBUTION, ETC.
Name of publisher, distributor, etc. New Delhi
300 ## - PHYSICAL DESCRIPTION
Extent 596p.
Other physical details 300
Holdings
Withdrawn status Lost status Damaged status Not for loan Collection code Home library Current library Date acquired Barcode Date last seen Price effective from Koha item type
        Computer Science and Engineering Central Library Central Library 01/20/2022 GF215 01/20/2022 01/20/2022 Gift Books

Powered by Koha